Package of practices recommendations 2001: (Record no. 158862)
[ view plain ]
| 000 -LEADER | |
|---|---|
| fixed length control field | 00577nam a22001697a 4500 |
| 003 - CONTROL NUMBER IDENTIFIER | |
| control field | OSt |
| 082 ## - DEWEY DECIMAL CLASSIFICATION NUMBER | |
| Classification number | IR COVAS/POP |
| Item number | 2001 |
| 245 ## - TITLE STATEMENT | |
| Title | Package of practices recommendations 2001: |
| Remainder of title | veterinary and animal husbandry |
| 250 ## - EDITION STATEMENT | |
| Edition statement | 5,rev |
| 260 ## - PUBLICATION, DISTRIBUTION, ETC. (IMPRINT) | |
| Place of publication, distribution, etc | Mannuthy |
| Name of publisher, distributor, etc | College of Veterinary and Animal Sciences, Kerala Agriculture University |
| Date of publication, distribution, etc | 2001 |
| 300 ## - PHYSICAL DESCRIPTION | |
| Extent | 266p. |
| 546 ## - LANGUAGE | |
| Language note | English |
| 650 ## - SUBJECT ADDED ENTRY--TOPICAL TERM | |
| Topical term or geographic name as entry element | Package of recommendation for livestock,poultry,elephant,rabbit,duck and pet animals |
| 700 ## - ADDED ENTRY--PERSONAL NAME | |
| Personal name | Diseases and its treatments |
| 700 ## - ADDED ENTRY--PERSONAL NAME | |
| Personal name | Laboratory animals |
| 942 ## - ADDED ENTRY ELEMENTS (KOHA) | |
| Source of classification or shelving scheme | Dewey Decimal Classification |
| Koha item type | KAU Publications |
| Lost status | Source of classification or shelving scheme | Damaged status | Not for loan | Collection code | Home library | Current library | Shelving location | Date acquired | Total Checkouts | Full call number | Barcode | Date last seen | Koha item type |
|---|---|---|---|---|---|---|---|---|---|---|---|---|---|
| Dewey Decimal Classification | Not For Loan | KAU Publication | KAU Central Library, Thrissur | KAU Central Library, Thrissur | IR | 07/03/2018 | IR COVAS/POP 2001 | 807634 | 07/03/2018 | Report |
